000 nam a22 7a 4500
999 _c7495
_d7495
008 170913b xxu||||| |||| 00| 0 eng d
100 _aSPC Software
_94021
245 _aUsers manual Harvard Graphics 3.0
260 _bSpc software publication